000 00338 a2200157 4500
001 152486
040 _cEscola São Tomás de Aquino
100 _aAGUIAR, Luiz Antonio
240 1 0 _aSoneto nas trevas
_lpor
245 1 0 _aSoneto nas trevas
300 _a134
362 0 _a2011
440 1 _aEdelbra
697 _aPoesia
942 _cBK
999 _c152486
_d152486